Hodnotová orientácia adolescentov

Guardado en:
Detalles Bibliográficos
Autor principal: Ďurovcová, Katarína, 1971- (Autor)
Otros Autores: Varela Cano, Diana Patricia, 1- (xxx)
Formato: Manuscrito Libro
Lenguaje:eslovaco
Publicado: STU v Bratislave MTF UIPH, 2010
Materias:
Acceso en línea:VAIS
Etiquetas: Agregar Etiqueta
Sin Etiquetas, Sea el primero en etiquetar este registro!

MARC

LEADER 00000ntm a22000003a 4500
001 stu207504
005 20160719160300.4
008 100715s2010------------------------slo-d
040 |a STU  |b slo 
041 0 |a slo 
100 1 |a Ďurovcová, Katarína,  |d 1971-  |4 aut  |X 52993  |7 A000052993 
242 0 0 |a Value Orientation of Adolescents  |y eng 
245 1 |a Hodnotová orientácia adolescentov 
260 |b STU v Bratislave MTF UIPH,  |c 2010 
650 7 |a hodnotový systém  |2 stusub 
650 7 |a hodnotová orientácia  |2 stusub 
650 7 |a hodnota  |2 stusub 
650 7 |a value  |2 estusub 
700 1 |a Varela Cano, Diana Patricia,  |d 1-  |4 xxx  |X 61777  |7 A000061777 
856 4 |a info a plný text  |u http://is.stuba.sk/zp/portal_zp.pl?podrobnosti=54749  |3 VAIS 
996 |c M*DP-9637  |l MMSKP  |s P  |a 0  |w stu207504_0001